[Event "Dortmund Sparkassen op 47th"]
[Site "Dortmund"]
[Date "2019.07.17"]
[Round "5"]
[White "Maes, Wim"]
[Black "Schleining, Zoya"]
[Result "1/2-1/2"]
[WhiteElo "2185"]
[BlackElo "2339"]
[PlyCount "154"]
[EventDate "2019.07.13"]
[EventType "swiss"]
[EventRounds "9"]
[EventCountry "GER"]
[SourceTitle "EXT 2020"]
[Source "ChessBase"]
[SourceDate "2019.10.17"]
[SourceVersion "1"]
[SourceVersionDate "2019.10.17"]
[SourceQuality "1"]

1. Nf3 d5 2. g3 Nd7 3. Bg2 e5 4. d3 Ngf6 5. 0-0 c6 6. Nbd2 Bd6 7. e4 0-0 8. Re1 Re8 9. b3 dxe4 10. dxe4 Qc7 11. Bb2 a5 12. Nc4 Bb4 13. Nfd2 Nf8 14. Qe2 b6 15. a3 Bc5 16. c3 Ng4 17. Rf1 b5 18. Ne3 Nxe3 19. fxe3 Be6 20. b4 Bb6 21. Rfe1 axb4 22. cxb4 f6 23. Rac1 Red8 24. Bf1 Rd6 25. Qf2 Qd7 26. Nf3 Ng6 27. Rc2 Rd8 28. Bc1 Qa7 29. Rc3 Ne7 30. Nd2 Qd7 31. Nb3 Bxb3 32. Rxb3 Rd1 33. Rc3 Kf8 34. Rxd1 Qxd1 35. Qe2 Qxe2 36. Bxe2 Ke8 37. Kf2 Kd7 38. Rd3+ Kc7 39. Rxd8 Kxd8 40. Bd3 Nc8 41. Ke2 Nd6 42. Bc2 Kc7 43. Kd3 Ba7 44. Bb3 Bb6 45. Bd2 Kd7 46. Ba2 Ke7 47. Bb3 Nf7 48. Ke2 Ng5 49. Bc2 Kd7 50. Bc3 Bd8 51. Bd2 Be7 52. Bc3 Nf7 53. Bb3 Nd6 54. Kd3 Bf8 55. Ba2 Nb7 56. Bg8 h6 57. Bb3 c5 58. Bd5 c4+ 59. Ke2 Nd6 60. Kd2 Be7 61. Ke2 Bd8 62. Kd2 Bb6 63. Ke2 Ba7 64. Kd2 Kc7 65. Ke2 Kb6 66. Kd2 Ka6 67. Ke2 Nc8 68. Be6 Nb6 69. Bf7 Na4 70. Ba1 Bb8 71. Be6 Bd6 72. Bf7 Be7 73. Be6 Nb6 74. Bc3 Kb7 75. Bf7 Kc6 76. Be8+ Nd7 77. Bf7 Nb6 1/2-1/2

[Event "Dortmund Sparkassen op 47th"]
[Site "Dortmund"]
[Date "2019.07.14"]
[Round "2"]
[White "Saizew, Valeri"]
[Black "Maes, Wim"]
[Result "0-1"]
[WhiteElo "2032"]
[BlackElo "2185"]
[PlyCount "88"]
[EventDate "2019.07.13"]
[EventType "swiss"]
[EventRounds "9"]
[EventCountry "GER"]
[SourceTitle "EXT 2020"]
[Source "ChessBase"]
[SourceDate "2019.10.17"]
[SourceVersion "1"]
[SourceVersionDate "2019.10.17"]
[SourceQuality "1"]

1. e4 c5 2. Nf3 e6 3. d4 cxd4 4. Nxd4 a6 5. Bd3 Nf6 6. 0-0 Qc7 7. Qe2 d6 8. Nc3 Nbd7 9. f4 b5 10. a4 b4 11. Nb1 Bb7 12. c3 Nc5 13. Nd2 Nxd3 14. Qxd3 d5 15. e5 Ne4 16. Nxe4 dxe4 17. Qg3 g6 18. Be3 bxc3 19. bxc3 Be7 20. Kh1 Qc4 21. Rab1 Bd5 22. a5 0-0 23. f5 Rfb8 24. Bh6 Rxb1 25. Rxb1 Qa2 26. Rf1 Bc4 27. Re1 Rc8 28. Qf4 Qxa5 29. f6 Bc5 30. Qxe4 Qxc3 31. Nf3 Bd5 32. Qe2 Ba3 33. Bd2 Qb2 34. Qe3 Bf8 35. Ng5 Rc2 36. Bc1 Bxg2+ 37. Kg1 Qa2 38. Ne4 Bxe4 39. Qxe4 Rxh2 40. Be3 Re2 41. Rxe2 Qxe2 42. Qd4 h6 43. Qb6 g5 44. Bd4 a5 0-1

[Event "Salon de Provence op 7th"]
[Site "Salon de Provence"]
[Date "2016.07.12"]
[Round "5"]
[White "Maes, Wim"]
[Black "Vedmediuc, Serghei"]
[Result "1/2-1/2"]
[WhiteElo "2179"]
[BlackElo "2442"]
[PlyCount "64"]
[EventDate "2016.07.09"]
[EventType "swiss"]
[EventRounds "9"]
[EventCountry "FRA"]
[SourceTitle "EXT 2019"]
[Source "ChessBase"]
[SourceDate "2018.10.10"]
[SourceVersion "1"]
[SourceVersionDate "2018.10.10"]
[SourceQuality "1"]

1. e4 c5 2. Be2 Nc6 3. f4 e6 4. Nf3 d5 5. d3 Nf6 6. e5 Nd7 7. c4 Nb6 8. 0-0 Be7 9. Be3 0-0 10. Bf2 f6 11. Nc3 fxe5 12. fxe5 Bd7 13. Kh1 Be8 14. cxd5 exd5 15. d4 c4 16. Be3 Bg6 17. Qd2 Nb4 18. Ng5 Qd7 19. Nh3 Nd3 20. Nf4 Nxf4 21. Rxf4 Rxf4 22. Bxf4 Rf8 23. Rf1 Nc8 24. Kg1 b5 25. Bf3 Bf7 26. Re1 Be6 27. Bg5 b4 28. Ne2 a5 29. Qe3 Rf7 30. Rf1 Bxg5 31. Qxg5 Ne7 32. Nf4 h6 1/2-1/2

[Event "Prague Summer op 1st"]
[Site "Prague"]
[Date "2014.08.12"]
[Round "4"]
[White "Maes, Wim"]
[Black "Vreugdenhil, Frans"]
[Result "1-0"]
[WhiteElo "2239"]
[BlackElo "2003"]
[PlyCount "55"]
[EventDate "2014.08.09"]
[EventType "swiss"]
[EventRounds "9"]
[EventCountry "CZE"]
[SourceTitle "CBM 162 Extra"]
[Source "ChessBase"]
[SourceDate "2014.10.17"]
[SourceVersion "1"]
[SourceVersionDate "2014.10.17"]
[SourceQuality "1"]

1. e4 e5 2. f4 exf4 3. Nf3 g5 4. Nc3 g4 5. Ne5 Qh4+ 6. g3 fxg3 7. Qxg4 Qxg4 8. Nxg4 d5 9. Ne5 Bd6 10. d4 dxe4 11. Nxe4 Bf5 12. Bb5+ Bd7 13. Nxd7 Nxd7 14. Nxd6+ cxd6 15. hxg3 0-0-0 16. 0-0 f6 17. Bf4 Nb6 18. Rae1 h5 19. Kg2 Rh7 20. Bd3 Rh8 21. c4 Nh6 22. Rh1 Ng4 23. b3 Kb8 24. Bg6 h4 25. Rxh4 Rxh4 26. gxh4 Nc8 27. Bf5 Rg8 28. Kf3 1-0

[Event "Police Gniota Memorial 29th"]
[Site "Police"]
[Date "2014.07.16"]
[Round "8"]
[White "Jacek, Krystian"]
[Black "Maes, Wim"]
[Result "1-0"]
[WhiteElo "2148"]
[BlackElo "2267"]
[PlyCount "113"]
[EventDate "2014.07.09"]
[EventType "swiss"]
[EventRounds "9"]
[EventCountry "POL"]
[SourceTitle "CBM 161 Extra"]
[Source "ChessBase"]
[SourceDate "2014.08.29"]
[SourceVersion "1"]
[SourceVersionDate "2014.08.29"]
[SourceQuality "1"]

1. e4 c5 2. Nf3 e6 3. d4 cxd4 4. Nxd4 a6 5. Bd3 Bc5 6. Nb3 Be7 7. Be3 d6 8. f4 Qc7 9. Qf3 Nf6 10. g4 Nc6 11. g5 Nd7 12. Nc3 b5 13. 0-0-0 Nb4 14. Kb1 Bb7 15. Qf2 Rc8 16. f5 Ne5 17. Bb6 Qd7 18. fxe6 fxe6 19. Be2 Bxg5 20. Bc5 Nbc6 21. Bxd6 Qf7 22. Qg2 Bf6 23. Nc5 Rd8 24. Qh3 Bc8 25. Rhf1 Rxd6 26. Rxd6 0-0 27. Rdd1 Qe7 28. Qe3 Re8 29. Qg1 Kh8 30. a4 Nc4 31. axb5 axb5 32. Bxc4 bxc4 33. Nb5 Be5 34. Qf2 Bf6 35. Nd6 Rd8 36. Nf7+ Qxf7 37. Rxd8+ Nxd8 38. e5 Bxe5 39. Qxf7 Nxf7 40. Rxf7 Kg8 41. Ra7 Bd6 42. Ra8 Bxc5 43. Rxc8+ Bf8 44. Rxc4 Bd6 45. h3 Kf7 46. Rd4 Be5 47. Rh4 h6 48. b4 Bg3 49. Rg4 Bd6 50. b5 g5 51. b6 Kg6 52. Rc4 h5 53. Kc1 Kf5 54. Kd1 g4 55. hxg4+ hxg4 56. Ke2 g3 57. Kf3 1-0

[Event "Police Gniota Memorial 29th"]
[Site "Police"]
[Date "2014.07.14"]
[Round "6"]
[White "Maes, Wim"]
[Black "Jaroch, Karol"]
[Result "1-0"]
[WhiteElo "2267"]
[BlackElo "2214"]
[PlyCount "120"]
[EventDate "2014.07.09"]
[EventType "swiss"]
[EventRounds "9"]
[EventCountry "POL"]
[SourceTitle "CBM 161 Extra"]
[Source "ChessBase"]
[SourceDate "2014.08.29"]
[SourceVersion "1"]
[SourceVersionDate "2014.08.29"]
[SourceQuality "1"]

1. e4 e6 2. d3 d5 3. Nd2 Nf6 4. Ngf3 b6 5. g3 Bb7 6. Qe2 Nc6 7. c3 d4 8. c4 Nb4 9. Qd1 a5 10. a3 Nc6 11. Bg2 Nd7 12. 0-0 a4 13. b4 axb3 14. Nxb3 Nc5 15. Bb2 Nxb3 16. Qxb3 Bc5 17. Nd2 e5 18. f4 0-0 19. Nf3 f6 20. Bh3 Qe7 21. Ne1 Rae8 22. Qd1 Ra8 23. Nc2 Ra4 24. Rf2 Ra5 25. Bc1 Rfa8 26. Rb1 R5a7 27. Qh5 Qf7 28. Qe2 Qe7 29. Kh1 Bc8 30. Bxc8 Rxc8 31. f5 Rb8 32. g4 h6 33. h4 Kf8 34. g5 hxg5 35. hxg5 Ke8 36. Rh2 Kd7 37. Rh7 Raa8 38. Qh5 Rg8 39. gxf6 Qxf6 40. Bg5 Qd6 41. f6 Kc8 42. fxg7 Kb7 43. Rf1 Bxa3 44. Qf7 Rae8 45. Rf6 Qe7 46. Qg6 Bd6 47. c5 bxc5 48. Na3 Nd8 49. Nc4 Ne6 50. Bh4 Qd7 51. Rf7 Be7 52. Nxe5 Qd6 53. Nc4 Qa6 54. Bxe7 Qa1+ 55. Kh2 Qa2+ 56. Kg3 Qb1 57. Na5+ Ka6 58. Qxe6+ Kxa5 59. Kg2 Qxd3 60. Rf2 Qc3 1-0

[Event "La Pobla de Lillet op 23rd"]
[Site "La Pobla de Lillet"]
[Date "2013.08.05"]
[Round "4"]
[White "Maes, Wim"]
[Black "Tejero Royo, Fermin"]
[Result "1/2-1/2"]
[WhiteElo "2264"]
[BlackElo "2119"]
[PlyCount "79"]
[EventDate "2013.08.02"]
[EventType "swiss"]
[EventRounds "9"]
[EventCountry "ESP"]
[SourceTitle "EXT 2014"]
[Source "ChessBase"]
[SourceDate "2013.11.20"]
[SourceVersion "1"]
[SourceVersionDate "2013.11.20"]
[SourceQuality "1"]

1. e4 e5 2. f4 d5 3. exd5 exf4 4. Nf3 Nf6 5. Bc4 Bd6 6. Qe2+ Qe7 7. Nc3 a6 8. d4 b5 9. Bb3 Bb7 10. 0-0 Qxe2 11. Nxe2 Nxd5 12. Bxd5 Bxd5 13. Bxf4 Nc6 14. Bxd6 cxd6 15. c3 f6 16. Nf4 Bf7 17. d5 Ne7 18. Rfd1 Kd7 19. h4 Rhc8 20. Rd2 Rc4 21. g3 a5 22. a3 Rac8 23. Kf2 R8c5 24. Rad1 b4 25. cxb4 axb4 26. axb4 Rb5 27. Nd4 Rbxb4 28. Nde6 Nf5 29. Ra1 Rb7 30. Ra8 Rcb4 31. Nf8+ Kc7 32. N8e6+ Kd7 33. Nf8+ Kc7 34. Rc2+ Kb6 35. N8e6 Nd4 36. Rd2 Nb3 37. Re2 Nd4 38. Rd2 Nb3 39. Re2 Nd4 40. Rd2 1/2-1/2

[Event "La Pobla de Lillet op 23rd"]
[Site "La Pobla de Lillet"]
[Date "2013.08.02"]
[Round "1"]
[White "Picatoste Garcia, Julio"]
[Black "Maes, Wim"]
[Result "0-1"]
[WhiteElo "1792"]
[BlackElo "2264"]
[PlyCount "82"]
[EventDate "2013.08.02"]
[EventType "swiss"]
[EventRounds "9"]
[EventCountry "ESP"]
[SourceTitle "EXT 2014"]
[Source "ChessBase"]
[SourceDate "2013.11.20"]
[SourceVersion "1"]
[SourceVersionDate "2013.11.20"]
[SourceQuality "1"]

1. c4 g6 2. Nc3 Bg7 3. g3 c5 4. Bg2 Nc6 5. Nf3 e5 6. d3 Nge7 7. a3 d6 8. Rb1 a5 9. Bd2 0-0 10. 0-0 h6 11. Nd5 Nxd5 12. cxd5 Ne7 13. e4 f5 14. Bc3 f4 15. Nd2 b5 16. b3 g5 17. Bb2 Ng6 18. Qh5 Qf6 19. Qd1 g4 20. f3 h5 21. Rc1 Bh6 22. Rc2 Bd7 23. Nb1 Bg5 24. Bc1 Qg7 25. Rcf2 Qh6 26. Nc3 fxg3 27. hxg3 h4 28. Bxg5 Qxg5 29. f4 exf4 30. gxf4 Qh6 31. f5 Ne5 32. Qd2 Kh7 33. Qxh6+ Kxh6 34. Rd2 b4 35. axb4 axb4 36. Ne2 h3 37. Bh1 Bb5 38. Nf4 Ra3 39. Rb1 Rfa8 40. Rbb2 Kg5 41. Ne6+ Kh4 0-1

[Event "Police Gniota Memorial 28th"]
[Site "Police"]
[Date "2013.07.18"]
[Round "9"]
[White "Franzen, Jozef"]
[Black "Maes, Wim"]
[Result "1/2-1/2"]
[WhiteElo "2299"]
[BlackElo "2265"]
[PlyCount "21"]
[EventDate "2013.07.10"]
[EventType "swiss"]
[EventRounds "9"]
[EventCountry "POL"]
[SourceTitle "CBM 155 Extra"]
[Source "ChessBase"]
[SourceDate "2013.08.26"]
[SourceVersion "1"]
[SourceVersionDate "2013.08.26"]
[SourceQuality "1"]

1. e4 c5 2. Nf3 e6 3. d4 cxd4 4. Nxd4 Nc6 5. Nc3 Qc7 6. g3 a6 7. Bg2 Nf6 8. 0-0 d6 9. b3 Be7 10. Bb2 0-0 11. Rc1 1/2-1/2

[Event "Police Gniota Memorial 28th"]
[Site "Police"]
[Date "2013.07.15"]
[Round "6"]
[White "Maes, Wim"]
[Black "Szadkowski, Kamil"]
[Result "1-0"]
[WhiteElo "2265"]
[BlackElo "2184"]
[PlyCount "105"]
[EventDate "2013.07.10"]
[EventType "swiss"]
[EventRounds "9"]
[EventCountry "POL"]
[SourceTitle "CBM 155 Extra"]
[Source "ChessBase"]
[SourceDate "2013.08.26"]
[SourceVersion "1"]
[SourceVersionDate "2013.08.26"]
[SourceQuality "1"]

1. e4 c5 2. Nf3 Nc6 3. d3 g6 4. g3 Bg7 5. Bg2 Nf6 6. 0-0 d5 7. Nbd2 0-0 8. Re1 e6 9. c3 b6 10. e5 Nd7 11. d4 f6 12. exf6 Qxf6 13. Nb3 cxd4 14. Nbxd4 Nxd4 15. cxd4 h6 16. Qa4 b5 17. Qxb5 Nb6 18. b3 g5 19. Ba3 Rf7 20. Qe2 Qg6 21. Rac1 Bd7 22. Ne5 Bxe5 23. Qxe5 Re8 24. Rc7 Bc8 25. Rxf7 Qxf7 26. Qe2 Qf6 27. Bf3 Bd7 28. Bc5 Rc8 29. Bg4 Rc6 30. Qd3 Be8 31. Re3 Nd7 32. Ba3 h5 33. Bd1 Qg6 34. Qd2 Qb1 35. Re1 Qf5 36. f3 Bf7 37. Bb2 Bg6 38. Bc1 Qb1 39. Ba3 Qf5 40. Be7 Nf6 41. Re5 Qb1 42. Kf2 Rc1 43. Re1 Kf7 44. Ba3 Rc8 45. Be2 Qf5 46. Qb4 Re8 47. Kg1 Kg7 48. Qb7+ Bf7 49. Rc1 h4 50. Rc7 Ng8 51. Bd6 Nh6 52. Be5+ Kg8 53. Rc8 1-0

[Event "Charleroi op"]
[Site "Charleroi"]
[Date "2012.08.03"]
[Round "8"]
[White "Apemiye, Austin"]
[Black "Maes, Wim"]
[Result "0-1"]
[WhiteElo "2069"]
[BlackElo "2268"]
[PlyCount "84"]
[EventDate "2012.07.28"]
[EventType "swiss"]
[EventRounds "9"]
[EventCountry "BEL"]
[SourceTitle "CBM 149 Extra"]
[Source "ChessBase"]
[SourceDate "2012.08.24"]
[SourceVersion "1"]
[SourceVersionDate "2012.08.24"]
[SourceQuality "1"]

1. d4 Nf6 2. c4 g6 3. Nc3 Bg7 4. g3 0-0 5. Bg2 d6 6. e3 Nbd7 7. Nge2 e5 8. 0-0 Re8 9. h3 Qe7 10. Nb5 Qd8 11. Nbc3 h5 12. b3 e4 13. Qc2 Qe7 14. Nb5 Nf8 15. c5 d5 16. c6 b6 17. Ba3 Qd8 18. Rfc1 Ne6 19. Kh2 Ng5 20. Ng1 Bf5 21. Qd1 Re6 22. f4 exf3 23. Nxf3 Nxf3+ 24. Qxf3 Bh6 25. Re1 Be4 26. Qf2 Bxg2 27. Kxg2 Ne4 28. Qc2 a6 29. Nc3 Rxc6 30. Bb2 Qg5 31. Kh1 Qxg3 32. Qg2 Nf2+ 33. Kg1 Nxh3+ 34. Kh1 Qh4 35. Re2 Re8 36. Qxd5 Nf4+ 37. Rh2 Qxh2+ 38. Kxh2 Nxd5 39. Nxd5 Rc2+ 40. Kg3 Rxb2 41. Nf6+ Kf8 42. Nxe8 Kxe8 0-1

[Event "Charleroi op"]
[Site "Charleroi"]
[Date "2012.08.02"]
[Round "7"]
[White "Maes, Wim"]
[Black "Vanhee, Freddy"]
[Result "1-0"]
[WhiteElo "2268"]
[BlackElo "1961"]
[PlyCount "57"]
[EventDate "2012.07.28"]
[EventType "swiss"]
[EventRounds "9"]
[EventCountry "BEL"]
[SourceTitle "CBM 149 Extra"]
[Source "ChessBase"]
[SourceDate "2012.08.24"]
[SourceVersion "1"]
[SourceVersionDate "2012.08.24"]
[SourceQuality "1"]

1. e4 c5 2. Nf3 Nc6 3. d3 e5 4. c3 d5 5. Qa4 Qd6 6. Na3 Nf6 7. exd5 Nxd5 8. Nc4 Qd7 9. g3 Rb8 10. Qc2 b5 11. Ncd2 Be7 12. Bg2 0-0 13. 0-0 f5 14. Re1 Bf6 15. a4 a6 16. axb5 axb5 17. Nb3 Qd6 18. Na5 Nxa5 19. Rxa5 Qc7 20. Ra1 Bb7 21. Bg5 Bxg5 22. Nxg5 Rbe8 23. Ra7 Qb6 24. Rea1 c4 25. dxc4 bxc4 26. Qa4 Kh8 27. Qd7 Re7 28. Qa4 g6 29. Bxd5 1-0

[Event "Brasschaat 03rd"]
[Site "Brasschaat"]
[Date "2011.08.20"]
[Round "1"]
[White "Geirnaert, Steven"]
[Black "Maes, Wim"]
[Result "1/2-1/2"]
[WhiteElo "2347"]
[BlackElo "2245"]
[PlyCount "111"]
[EventDate "2011.08.20"]
[EventType "tourn"]
[EventRounds "9"]
[EventCountry "BEL"]
[EventCategory "4"]
[SourceTitle "CBM 144 Extra"]
[Source "ChessBase"]
[SourceDate "2011.10.28"]
[SourceVersion "1"]
[SourceVersionDate "2011.10.28"]
[SourceQuality "1"]

1. d4 Nf6 2. c4 g6 3. Nc3 Bg7 4. e4 d6 5. f3 0-0 6. Be3 e5 7. Nge2 Nc6 8. d5 Ne7 9. Qd2 c6 10. g4 cxd5 11. cxd5 Bd7 12. Ng3 a6 13. Rc1 b5 14. b3 Qb8 15. Bd3 Qb7 16. h4 Rfc8 17. g5 Ne8 18. h5 b4 19. Nd1 Rxc1 20. Qxc1 a5 21. Nb2 Bb5 22. Bxb5 Qxb5 23. Rh2 Rc8 24. Rc2 Rxc2 25. Qxc2 f6 26. hxg6 hxg6 27. gxf6 Bxf6 28. Qh2 Qd7 29. Bb6 Qb5 30. Nc4 a4 31. Qh3 Ng7 32. Nf1 axb3 33. axb3 Qa6 34. Be3 Nc8 35. Qd7 Nh5 36. Qa4 Qb7 37. Qc6 Qxc6 38. dxc6 Bd8 39. Bd2 Kf7 40. Bxb4 Ke6 41. Nfe3 Nf4 42. Ba5 Bxa5+ 43. Nxa5 d5 44. exd5+ Nxd5 45. Nec4 Na7 46. Kf2 Nb5 47. Nb7 Ne7 48. Nd8+ Kd5 49. Ke3 Nd4 50. c7 Nxb3 51. Nxe5 Kxe5 52. Nc6+ Kd6 53. Nxe7 Kxc7 54. Nxg6 Kd6 55. f4 Ke6 56. Ke4 1/2-1/2

[Event "Charleroi op"]
[Site "Charleroi"]
[Date "2011.08.04"]
[Round "7"]
[White "Maes, Wim"]
[Black "Lacroix, Bruno"]
[Result "1/2-1/2"]
[WhiteElo "2245"]
[BlackElo "2185"]
[PlyCount "33"]
[EventDate "2011.07.30"]
[EventType "swiss"]
[EventRounds "9"]
[EventCountry "BEL"]
[SourceTitle "EXT 2012"]
[Source "ChessBase"]
[SourceDate "2011.11.24"]
[SourceVersion "1"]
[SourceVersionDate "2011.11.24"]
[SourceQuality "1"]

1. e4 e6 2. d3 c5 3. g3 Nc6 4. Bg2 g6 5. Nf3 Bg7 6. 0-0 Nge7 7. Re1 d6 8. c3 e5 9. a3 0-0 10. b4 h6 11. Bb2 f5 12. Nbd2 g5 13. b5 Na5 14. d4 f4 15. Qa4 Be6 16. Rad1 Qc7 17. h3 1/2-1/2

[Event "Charleroi op"]
[Site "Charleroi"]
[Date "2011.08.02"]
[Round "5"]
[White "Maes, Wim"]
[Black "Vandevoort, Pascal"]
[Result "1-0"]
[WhiteElo "2245"]
[BlackElo "2409"]
[PlyCount "52"]
[EventDate "2011.07.30"]
[EventType "swiss"]
[EventRounds "9"]
[EventCountry "BEL"]
[SourceTitle "EXT 2012"]
[Source "ChessBase"]
[SourceDate "2011.11.24"]
[SourceVersion "1"]
[SourceVersionDate "2011.11.24"]
[SourceQuality "1"]

1. e4 c5 2. Nf3 Nc6 3. d3 g6 4. g3 Bg7 5. Bg2 e6 6. 0-0 Nge7 7. c3 d5 8. Nbd2 0-0 9. Re1 b6 10. Qe2 Ba6 11. e5 Qc7 12. Nf1 d4 13. c4 b5 14. b3 bxc4 15. bxc4 Rab8 16. h4 Nc8 17. N1h2 Nb6 18. Ng4 h5 19. Nf6+ Kh8 20. Nxh5 gxh5 21. Ng5 Rfc8 22. Qxh5+ Kg8 23. Bxc6 Qxc6 24. Qxf7+ Kh8 25. Qg6 Kg8 26. Re4 Kh8 1-0

[Event "Charleroi op"]
[Site "Charleroi"]
[Date "2011.08.01"]
[Round "3"]
[White "Van Vlaenderen, Koen"]
[Black "Maes, Wim"]
[Result "0-1"]
[WhiteElo "2031"]
[BlackElo "2245"]
[PlyCount "80"]
[EventDate "2011.07.30"]
[EventType "swiss"]
[EventRounds "9"]
[EventCountry "BEL"]
[SourceTitle "EXT 2012"]
[Source "ChessBase"]
[SourceDate "2011.11.24"]
[SourceVersion "1"]
[SourceVersionDate "2011.11.24"]
[SourceQuality "1"]

1. e4 c5 2. Nf3 e6 3. d4 cxd4 4. Nxd4 a6 5. Nc3 Qc7 6. Bd3 Nf6 7. 0-0 Bc5 8. Nde2 b5 9. Bf4 d6 10. a4 b4 11. Nb1 Bb7 12. Nd2 Nbd7 13. c3 Ne5 14. Bxe5 dxe5 15. Qc2 bxc3 16. Qxc3 Rc8 17. Rac1 Ng4 18. Qb3 Qe7 19. Nf3 0-0 20. h3 Nxf2 21. Rxf2 Bxf2+ 22. Kxf2 Rxc1 23. Nxc1 f5 24. exf5 e4 25. Bxe4 Bxe4 26. Qxe6+ Qxe6 27. fxe6 Bd5 28. Ke3 Bxe6 29. Nd4 Bd5 30. g3 Re8+ 31. Kd2 Bg2 32. h4 Re4 33. Nce2 Bf1 34. b3 a5 35. Ke1 Bxe2 36. Nxe2 Re3 37. Kd2 Rxb3 38. Nc3 Rb4 39. Kd3 Kf7 40. Ke3 Kg6 0-1

[Event "Charleroi op"]
[Site "Charleroi"]
[Date "2011.07.30"]
[Round "1"]
[White "Schleck, Victor"]
[Black "Maes, Wim"]
[Result "0-1"]
[WhiteElo "1776"]
[BlackElo "2245"]
[PlyCount "92"]
[EventDate "2011.07.30"]
[EventType "swiss"]
[EventRounds "9"]
[EventCountry "BEL"]
[SourceTitle "EXT 2012"]
[Source "ChessBase"]
[SourceDate "2011.11.24"]
[SourceVersion "1"]
[SourceVersionDate "2011.11.24"]
[SourceQuality "1"]

1. e4 c5 2. Nf3 e6 3. d4 cxd4 4. Nxd4 Nc6 5. Be3 Qc7 6. Nc3 a6 7. Qd2 Nf6 8. f3 Bb4 9. a3 Be7 10. Be2 0-0 11. 0-0-0 b5 12. Nxc6 dxc6 13. Na2 e5 14. Qc3 Be6 15. Kb1 Rfc8 16. Bc5 a5 17. Nc1 b4 18. axb4 axb4 19. Qxb4 Rcb8 20. Qc3 Bxc5 21. Qxc5 Nd7 22. Qc3 Qa7 23. b3 Qa3 24. Qb2 Qa5 25. Rd6 Qc5 26. Rhd1 Nb6 27. R6d3 Na4 28. Qa1 f6 29. g4 Qe7 30. Rd6 Bd5 31. R6xd5 cxd5 32. Rxd5 Qb4 33. Na2 Qe1+ 34. Bd1 Nb6 35. Rd3 Rc8 36. Qb2 Rc7 37. h3 h6 38. Qc1 Rca7 39. Qb2 Rxa2 40. Qxa2 Rxa2 41. Kxa2 Kf7 42. Kb2 Ke7 43. c3 Qf1 44. Bc2 Nd7 45. b4 Nf8 46. Kb3 Ne6 0-1